000 00656nam a2200253Ia 4500
003 OSt
005 20221005092824.0
006 a|||||r|||| 00| 0
007 ta
008 221004b |||||||| |||| 00| 0 eng d
020 _a0312232578
024 _a34328
037 _cTextual
040 _aCRL
_cCRL
_beng
041 _2eng
_aeng
082 _aX:75, P0
100 _aGriffin Keith
245 0 _aStudies in development strategy and systemic transformation
260 _aNew York
_bSt Martin's
_c2000
300 _a335p.
_ccm.
650 _aECONOMICS
942 _hX:75, P0
_cTEXL
_2cc
999 _c999412
_d999412